MARC details
| 000 -CABECERA |
| campo de control de longitud fija |
01578nam a2200241 a 4500 |
| 001 - NÚMERO DE CONTROL |
| campo de control |
000014235 |
| 003 - IDENTIFICADOR DEL NÚMERO DE CONTROL |
| campo de control |
DO-SdBNP |
| 005 - FECHA Y HORA DE LA ÚLTIMA TRANSACCIÓN |
| campo de control |
20241031124004.0 |
| 008 - DATOS DE LONGITUD FIJA--INFORMACIÓN GENERAL |
| campo de control de longitud fija |
091208s1997 dr acd 001 0 spa d |
| 040 ## - FUENTE DE LA CATALOGACIÓN |
| Centro catalogador/agencia de origen |
DO-SdBNP |
| Lengua de catalogación |
spa |
| Centro/agencia transcriptor |
BNPHU |
| 082 ## - NÚMERO DE LA CLASIFICACIÓN DECIMAL DEWEY |
| Número de clasificación |
338.04 |
| Número de documento/Ítem |
C748p |
| 111 2# - ENTRADA PRINCIPAL--NOMBRE DE CONGRESO/REUNIÓN |
| Nombre de congreso/reunión o jurisdicción como elemento de entrada |
Conferencia Nacional sobre la Mejora de la Productividad Empresarial |
| Número del congreso/reunión o número de parte o sección |
(2ª : |
| Fecha del congreso/reunión |
1996 nov. 26-27 : |
| Sede del congreso/Lugar de la reunión |
Santo Domingo, República Dominicana) |
| 9 (RLIN) |
32149 |
| 245 10 - MENCIÓN DE TÍTULO |
| Título |
Ponencias. |
| 260 ## - PUBLICACIÓN, DISTRIBUCIÓN, ETC. |
| Lugar de publicación, distribución, etc. |
Santo Domingo : |
| Nombre del editor, distribuidor, etc. |
INFOTEP, |
| Fecha de publicación, distribución, etc. |
1997. |
| 300 ## - DESCRIPCIÓN FÍSICA |
| Extensión |
89 p. : |
| Otras características físicas |
il., gráfcs., retrs. ; |
| Dimensiones |
27 cm. |
| 505 0# - NOTA DE CONTENIDO CON FORMATO |
| Información miscelánea |
Presentación / |
| Mención de responsabilidad |
Arlette Valdéz Aguasvivas -- |
| Título |
Palabras de inauguración / |
| Mención de responsabilidad |
Rafael Albuquerque -- |
| Título |
Palabras de apertura / |
| Mención de responsabilidad |
Arlette Valdéz Aguasvivas -- |
| Título |
El desafío de la competitividad en los años noventa / |
| Mención de responsabilidad |
Joseph Ramos -- |
| Título |
Producción modular: aumento de la productividad / |
| Mención de responsabilidad |
Alex Cruz -- |
| Título |
Planes de mejora de la productividad: experiencias de INFOTEP / |
| Mención de responsabilidad |
Sergio Marte y Lourdes García -- |
| Título |
Centro de productividad / |
| Mención de responsabilidad |
Antonio Rodríguez Mansfield -- |
| Título |
La participación de los trabajadores en el mejoramiento de la productividad / |
| Mención de responsabilidad |
Isabel Tejada -- |
| Título |
Creación de un Consejo Nacional de la Productividad y Competitividad / |
| Mención de responsabilidad |
César Nicolás Penson. |
| 590 ## - NOTA LOCAL (RLIN) |
| Nota local |
Inventariado, 2018/LP |
| 650 #0 - PUNTO DE ACCESO ADICIONAL DE MATERIA--TÉRMINO DE MATERIA |
| Término de materia o nombre geográfico como elemento de entrada |
Organización industrial |
| Subdivisión general |
Congresos, conferencias, etc. |
| 9 (RLIN) |
1580 |
| 650 #0 - PUNTO DE ACCESO ADICIONAL DE MATERIA--TÉRMINO DE MATERIA |
| Término de materia o nombre geográfico como elemento de entrada |
Productividad industrial |
| Subdivisión general |
Congresos, conferencias, etc. |
| 9 (RLIN) |
27637 |
| 710 2# - PUNTO DE ACCESO ADICIONAL--NOMBRE DE ENTIDAD CORPORATIVA |
| Nombre de entidad corporativa o nombre de jurisdicción como elemento de entrada |
Instituto Nacional de Formación Técnico Profesional (República Dominicana) |
| 9 (RLIN) |
32152 |
| 910 ## - DATOS DE OPCIÓN DEL USUARIO (OCLC) |
| Datos de opción del usuario |
Validado. Control de calidad EMS. |
| 942 ## - ELEMENTOS DE PUNTO DE ACCESO ADICIONAL (KOHA) |
| Fuente del sistema de clasificación o colocación |
Dewey Decimal Classification |
| Tipo de ítem Koha |
Libro |